[Event "Prestwick Airport Open"]
[Site "Prestwick"]
[Date "2011.05.13"]
[Round "1"]
[White "Thomson, Neil"]
[Black "Frew, Elliot"]
[Result "0-1"]
[WhiteElo "1861"]
[BlackElo "2148"]
[PlyCount "86"]
[EventDate "2011.05.15"]
[EventRounds "5"]
[EventCountry "SCO"]

1. e4 c5 2. Nf3 e6 3. d4 cxd4 4. Nxd4 a6 5. Nc3 b5 6. Bd3 Qb6 7. Nf3 Bb7 8. O-O
Qc7 9. Re1 Nf6 10. a4 b4 11. Na2 Bc5 12. Bd2 Nc6 13. c3 Ng4 14. Rf1 a5 15. Rc1
Qb6 16. cxb4 axb4 17. Be1 d6 18. Bb5 O-O 19. Nd2 Nge5 20. Nb3 Rac8 21. Kh1 Ba6
22. Qe2 Bxb5 23. axb5 Na5 24. Na1 Rb8 25. Bxb4 Bxb4 26. Nxb4 Qxb5 27. Qxb5 Rxb5
28. Nac2 Nec4 29. Nd3 Nxb2 30. Rb1 Rfb8 31. Nd4 R5b7 32. Nxb2 Rxb2 33. Rxb2
Rxb2 34. Rc1 g5 35. f3 Nc4 36. h4 Ne3 37. hxg5 Nxg2 38. Rc8+ Kg7 39. Rd8 Nf4
40. Nb5 Kg6 41. Rg8+ Kh5 42. Rg7 Kh4 43. Rxf7 Kg3 0-1

[Event "Prestwick Airport Open"]
[Site "Prestwick"]
[Date "2011.05.13"]
[Round "1"]
[White "Surtees, Mike J"]
[Black "Roy, Ali"]
[Result "1-0"]
[WhiteElo "2148"]
[BlackElo "1806"]
[PlyCount "71"]
[EventDate "2011.05.15"]
[EventRounds "5"]
[EventCountry "SCO"]

1. e4 e6 2. f4 d5 3. e5 c5 4. b4 cxb4 5. a3 Nc6 6. axb4 Bxb4 7. c3 Be7 8. d4
Nh6 9. g4 Bh4+ 10. Kd2 Be7 11. h3 Bd7 12. Nf3 Na5 13. Ba3 Qb6 14. Ra2 Bxa3 15.
Nxa3 Rc8 16. Qc2 Nc4+ 17. Bxc4 dxc4 18. Rb1 Qc6 19. Ke3 a6 20. Ng5 f5 21. Qg2
Qxg2 22. Rxg2 Bc6 23. Rgg1 Bd5 24. Rb6 Ke7 25. Nc2 g6 26. Nb4 Bc6 27. Nxc6+
bxc6 28. Rb7+ Ke8 29. Nxe6 fxg4 30. hxg4 Nf7 31. Rh1 h6 32. f5 gxf5 33. gxf5
Rg8 34. f6 Rg3+ 35. Kf4 Rg6 36. Re7# 1-0

[Event "Prestwick Airport Open"]
[Site "Prestwick"]
[Date "2011.05.13"]
[Round "1"]
[White "Robinson, Stephen"]
[Black "Sanger, Mark A"]
[Result "0-1"]
[WhiteElo "1683"]
[BlackElo "2068"]
[PlyCount "62"]
[EventDate "2011.05.15"]
[EventRounds "5"]
[EventCountry "SCO"]

1. b4 e5 2. Bb2 d6 3. e3 f5 4. c4 Nf6 5. Nc3 Be7 6. Qb3 O-O 7. g3 c6 8. Bg2 Be6
9. Nh3 h6 10. a4 f4 11. Nxf4 exf4 12. gxf4 d5 13. cxd5 Nxd5 14. Nxd5 Bxd5 15.
Bxd5+ Qxd5 16. Qxd5+ cxd5 17. Rg1 Bf6 18. Bxf6 Rxf6 19. b5 a6 20. Rc1 axb5 21.
axb5 Nd7 22. Ke2 Nb6 23. Rc7 Rf7 24. Rc5 Rd7 25. d4 Nc4 26. Rg6 Kf7 27. f5 Ra2+
28. Ke1 b6 29. Rc8 Rb2 30. e4 Ra7 31. Kf1 Nd2+ 0-1

[Event "Prestwick Airport Open"]
[Site "Prestwick"]
[Date "2011.05.13"]
[Round "1"]
[White "Grant, Alan G"]
[Black "Marks, Ian A"]
[Result "1/2-1/2"]
[WhiteElo "2185"]
[BlackElo "1887"]
[PlyCount "61"]
[EventDate "2011.05.15"]
[EventRounds "5"]
[EventCountry "SCO"]

1. e4 c5 2. Nf3 d6 3. Bb5+ Bd7 4. Bxd7+ Qxd7 5. O-O Nc6 6. Qe2 Nf6 7. Rd1 e6 8.
d4 cxd4 9. Nxd4 Be7 10. Nc3 a6 11. Nf3 Qc7 12. Bf4 O-O 13. e5 dxe5 14. Nxe5
Nxe5 15. Bxe5 Qc6 16. Rd3 Rfd8 17. Rg3 g6 18. Rh3 Rd7 19. Re1 Rad8 20. Bf4 Nd5
21. Bc1 Nxc3 22. Rxc3 Qd5 23. a3 Qd1 24. Kf1 Qxe2+ 25. Kxe2 Bf6 26. Rc4 Kf8 27.
a4 Rd4 28. Rxd4 Rxd4 29. b3 Re4+ 30. Be3 Re5 31. f4 1/2-1/2

[Event "Prestwick Airport Open"]
[Site "Prestwick"]
[Date "2011.05.13"]
[Round "1"]
[White "Mannion, Stephen R"]
[Black "Brown, Steven A"]
[Result "1-0"]
[WhiteElo "2369"]
[BlackElo "1955"]
[PlyCount "63"]
[EventDate "2011.05.15"]
[EventRounds "5"]
[EventCountry "SCO"]

1. e4 c5 2. Nf3 Nc6 3. d4 cxd4 4. Nxd4 Nf6 5. Nc3 e5 6. Ndb5 d6 7. Bg5 a6 8.
Na3 b5 9. Bxf6 gxf6 10. Nd5 f5 11. Bd3 Be6 12. O-O Bxd5 13. exd5 Ne7 14. Re1
Bg7 15. c3 O-O 16. Qh5 e4 17. Bf1 Qc8 18. Rad1 Qc5 19. Nc2 Rae8 20. Nd4 Bxd4
21. Rxd4 Ng6 22. Qxf5 Re5 23. Qf6 Rfe8 24. g3 Nf8 25. Bh3 b4 26. Re3 bxc3 27.
bxc3 Rxd5 28. Rdxe4 Rxe4 29. Rxe4 Qb5 30. c4 Qb7 31. Bf5 Rd2 32. Qg5+ 1-0

[Event "Prestwick Airport Open"]
[Site "Prestwick"]
[Date "2011.05.14"]
[Round "2"]
[White "Tsang, Sai Kong"]
[Black "Macgilchrist, Siegrun"]
[Result "1-0"]
[WhiteElo "1891"]
[BlackElo "1506"]
[PlyCount "47"]
[EventDate "2011.05.15"]
[EventRounds "5"]
[EventCountry "SCO"]

1. d4 d5 2. Nf3 c6 3. g3 Bf5 4. Bg2 e6 5. c4 Bb4+ 6. Nc3 Nf6 7. Qb3 Bxc3+ 8.
bxc3 Qc8 9. Ba3 a5 10. Ne5 Nbd7 11. O-O Ne4 12. Rfd1 f6 13. cxd5 cxd5 14. g4
fxe5 15. gxf5 Nxc3 16. fxe6 Nxe2+ 17. Kh1 Nxd4 18. Rxd4 exd4 19. Rc1 Nc5 20.
Bxc5 Ra6 21. Bxd5 Rc6 22. Qb5 Qc7 23. Ba3 Kd8 24. Bxc6 1-0

[Event "Prestwick Airport Open"]
[Site "Prestwick"]
[Date "2011.05.14"]
[Round "2"]
[White "Spencer, Edwin A"]
[Black "Surtees, Mike J"]
[Result "0-1"]
[WhiteElo "2148"]
[BlackElo "2214"]
[PlyCount "76"]
[EventDate "2011.05.15"]
[EventRounds "5"]
[EventCountry "SCO"]

1. e4 c6 2. d4 d5 3. exd5 cxd5 4. Bd3 Nc6 5. c3 a6 6. Bf4 e6 7. Nf3 Bd6 8. Bxd6
Qxd6 9. O-O Nge7 10. Re1 f6 11. Qe2 g5 12. Nbd2 Kf7 13. Nxg5+ fxg5 14. Qh5+ Kg7
15. Re3 e5 16. Qxg5+ Ng6 17. dxe5 Qd8 18. Qg3 Qh4 19. Qxh4 Nxh4 20. Rg3+ Ng6
21. f4 Rf8 22. Rf1 Bf5 23. Be2 Kh8 24. Re3 d4 25. cxd4 Nxd4 26. Bd1 Be6 27. Re4
Nc6 28. Bb3 Bf5 29. Re3 Rad8 30. Nc4 Bd3 31. Rxd3 Rxd3 32. g3 b5 33. Nd6 Ngxe5
34. Ne4 Nc4 35. Nc5 Rd2 36. Rc1 Nd4 37. Bd1 Re8 38. Bh5 Ree2 0-1

[Event "Prestwick Airport Open"]
[Site "Prestwick"]
[Date "2011.05.14"]
[Round "3"]
[White "Roy, Ali"]
[Black "Spencer, Edwin A"]
[Result "1/2-1/2"]
[WhiteElo "1806"]
[BlackElo "2214"]
[PlyCount "118"]
[EventDate "2011.05.15"]
[EventRounds "5"]
[EventCountry "SCO"]

1. Nf3 f5 2. c4 d6 3. d4 e6 4. Nc3 Nf6 5. e3 Be7 6. Bd3 d5 7. O-O c6 8. b3 Ne4
9. Bb2 Nd7 10. Qc2 Bd6 11. Ne2 Qf6 12. Rac1 g5 13. cxd5 exd5 14. Ng3 h5 15. Nd2
Nxd2 16. Qxd2 Nf8 17. Qc2 Ng6 18. Bxf5 Nh4 19. Bxc8 Rxc8 20. e4 Bf4 21. Rce1
O-O 22. e5 Qh6 23. Qe2 g4 24. Ba3 Rfe8 25. Qd3 Re6 26. Rd1 Rc7 27. Nf5 Nxf5 28.
Qxf5 Rf7 29. Qd3 h4 30. Bc1 c5 31. Bxf4 Qxf4 32. g3 Qh6 33. Qe3 Qh5 34. gxh4
Rg6 35. e6 Rf3 36. Qe5 Qxe5 37. dxe5 d4 38. b4 Rxe6 39. bxc5 d3 40. Rfe1 Ra6
41. Rd2 Rc6 42. Re4 Rxc5 43. Rxg4+ Kh7 44. Kg2 Rf7 45. e6 Re7 46. Rxd3 Re5 47.
Rd7 R5xe6 48. Rxe7+ Rxe7 49. a4 b6 50. Kg3 Rb7 51. Rg5 a6 52. f4 b5 53. axb5
axb5 54. f5 b4 55. Kf4 b3 56. Rg1 b2 57. Rb1 Kg7 58. Ke3 Kf6 59. Kd2 Kxf5
1/2-1/2

[Event "Prestwick Airport Open"]
[Site "Prestwick"]
[Date "2011.05.14"]
[Round "3"]
[White "Marks, Ian A"]
[Black "Tsang, Sai Kong"]
[Result "0-1"]
[WhiteElo "1887"]
[BlackElo "1891"]
[PlyCount "72"]
[EventDate "2011.05.15"]
[EventRounds "5"]
[EventCountry "SCO"]

1. e4 c5 2. Nf3 g6 3. d4 cxd4 4. Nxd4 Nc6 5. Nc3 Bg7 6. Be3 d6 7. Qd2 Nf6 8. f3
Bd7 9. O-O-O h5 10. Bc4 Rc8 11. Bb3 Ne5 12. Kb1 Nc4 13. Bxc4 Rxc4 14. Rhe1 O-O
15. h3 Qb8 16. g4 Rfc8 17. Bh6 Rxd4 18. Qxd4 Bxh6 19. Nd5 Nxd5 20. exd5 Qc7 21.
c3 Bg7 22. Qe3 b5 23. Rc1 Re8 24. gxh5 Bxh3 25. Ka1 Bf5 26. hxg6 Bxg6 27. Qg5
Qd7 28. Rcd1 a5 29. Rg1 b4 30. cxb4 axb4 31. Rde1 b3 32. Re4 Ra8 33. a3 Rxa3+
34. Kb1 Ra2 35. Rg2 Qb5 36. Kc1 Qd3 0-1

[Event "Prestwick Airport Open"]
[Site "Prestwick"]
[Date "2011.05.14"]
[Round "2"]
[White "Marks, Ian A"]
[Black "Doyle, James"]
[Result "1-0"]
[WhiteElo "1887"]
[BlackElo "1897"]
[PlyCount "97"]
[EventDate "2011.05.15"]
[EventRounds "5"]
[EventCountry "SCO"]

1. e4 c6 2. d4 d5 3. exd5 cxd5 4. c4 Nf6 5. Nc3 e6 6. Nf3 Nc6 7. cxd5 exd5 8.
Bb5 Be6 9. O-O Bd6 10. Bg5 Qc7 11. Bxf6 gxf6 12. Re1 O-O-O 13. Ba4 Bf4 14. Nb5
Qb6 15. Qc2 Kb8 16. Rad1 a6 17. Nc3 h5 18. Ne2 Bd6 19. Ng3 Ne7 20. Nh4 Rc8 21.
Qd3 Bg4 22. Rc1 Bb4 23. Rf1 Qa5 24. Bb3 Bd2 25. Rxc8+ Bxc8 26. Nhf5 Ng6 27. Nd6
Be6 28. Qf3 Nf4 29. Qd1 h4 30. Ngf5 Rg8 31. g3 Bb4 32. Qf3 Bxd6 33. Nxd6 Nh3+
34. Kh1 Qb6 35. Nf5 Qb5 36. Rc1 hxg3 37. hxg3 Qd7 38. Ne3 f5 39. Nxd5 Nxf2+ 40.
Kg2 Ne4 41. Qf4+ Ka7 42. Rc7 Qd8 43. Qe5 Rxg3+ 44. Kf1 Rf3+ 45. Ke2 Rf2+ 46.
Ke1 Rxb2 47. Ne7 Qd6 48. Nc6+ Kb6 49. Qa5# 1-0

[Event "Prestwick Airport Open"]
[Site "Prestwick"]
[Date "2011.05.14"]
[Round "2"]
[White "Malkin, Kenneth"]
[Black "Robinson, Stephen"]
[Result "1-0"]
[WhiteElo "1811"]
[BlackElo "1683"]
[PlyCount "85"]
[EventDate "2011.05.15"]
[EventRounds "5"]
[EventCountry "SCO"]

1. e4 Nf6 2. Nc3 d5 3. e5 d4 4. exf6 dxc3 5. fxg7 cxd2+ 6. Qxd2 Qxd2+ 7. Bxd2
Bxg7 8. c3 c5 9. Bc4 Nd7 10. Nf3 a6 11. a4 b6 12. Bd5 Ra7 13. Bf4 e5 14. Be3
Bb7 15. O-O-O Ke7 16. Rhe1 Bxd5 17. Rxd5 Ke6 18. Red1 Bf6 19. Bg5 e4 20. Bxf6
Kxf6 21. Ng5 Ke7 22. Nxe4 h5 23. g3 h4 24. Nd6 hxg3 25. hxg3 f6 26. Re1+ Ne5
27. f4 Ke6 28. Rdd1 Rd7 29. fxe5 fxe5 30. Nc4 Rxd1+ 31. Kxd1 Rh5 32. Nxb6 Rg5
33. Re3 Kd6 34. Kd2 Rg4 35. b3 e4 36. a5 Ke5 37. Nc4+ Kd5 38. Kc2 Ke6 39. Nd2
Kd5 40. Nxe4 Rxe4 41. Rxe4 Kxe4 42. b4 cxb4 43. cxb4 1-0

[Event "Prestwick Airport Open"]
[Site "Prestwick"]
[Date "2011.05.14"]
[Round "3"]
[White "Macgilchrist, Siegrun"]
[Black "Robinson, Stephen"]
[Result "0-1"]
[WhiteElo "1506"]
[BlackElo "1683"]
[PlyCount "66"]
[EventDate "2011.05.15"]
[EventRounds "5"]
[EventCountry "SCO"]

1. c4 f5 2. g3 e6 3. Bg2 Nf6 4. d3 d5 5. cxd5 exd5 6. e3 c6 7. Ne2 Bd6 8. O-O
O-O 9. Nd2 Nbd7 10. d4 Qe7 11. Qc2 Ne4 12. Nxe4 fxe4 13. Bd2 Nf6 14. a3 a5 15.
a4 Bg4 16. Bc3 Qf7 17. f3 exf3 18. Bxf3 Qe6 19. Qc1 Ne4 20. Nf4 Qf5 21. Qd1
Bxf3 22. Rxf3 g5 23. Qe1 gxf4 24. exf4 Qg4 25. Re3 Rxf4 26. h3 Qg6 27. Kh1 Rf2
28. Rxe4 Qxe4+ 29. Qxe4 dxe4 30. Re1 Raf8 31. Kg1 R2f3 32. h4 Rxg3+ 33. Kh1 Rg4
0-1

[Event "Prestwick Airport Open"]
[Site "Prestwick"]
[Date "2011.05.14"]
[Round "2"]
[White "MacCallum, Iain"]
[Black "Grant, Alan G"]
[Result "1/2-1/2"]
[WhiteElo "1565"]
[BlackElo "2185"]
[PlyCount "55"]
[EventDate "2011.05.15"]
[EventRounds "5"]
[EventCountry "SCO"]

1. e4 c5 2. d4 cxd4 3. c3 Nf6 4. e5 Nd5 5. cxd4 e6 6. Nf3 d6 7. Bc4 Nb6 8. Bb3
dxe5 9. dxe5 Qxd1+ 10. Bxd1 Na6 11. O-O Bd7 12. Bd2 Be7 13. Be2 Rc8 14. Nc3 Nc4
15. Bxc4 Rxc4 16. Be3 b6 17. Rfd1 Bc5 18. Bxc5 Nxc5 19. Rd2 Nb7 20. Rad1 Rc7
21. Ng5 Bc6 22. Nge4 Bxe4 23. Nxe4 Ke7 24. Nd6 Rd8 25. b4 Rcd7 26. Nc8+ Ke8 27.
Rxd7 Rxd7 28. Rxd7 1/2-1/2

[Event "Prestwick Airport Open"]
[Site "Prestwick"]
[Date "2011.05.14"]
[Round "3"]
[White "Grant, Alan G"]
[Black "Malkin, Kenneth"]
[Result "1/2-1/2"]
[WhiteElo "2185"]
[BlackElo "1811"]
[PlyCount "98"]
[EventDate "2011.05.15"]
[EventRounds "5"]
[EventCountry "SCO"]

1. e4 e5 2. Nf3 Nc6 3. Bc4 Bc5 4. c3 Nf6 5. d3 d6 6. Bb3 O-O 7. O-O Bg4 8. h3
Be6 9. Bc2 Bb6 10. Re1 h6 11. Nbd2 Ne7 12. Nf1 Ng6 13. Ng3 Re8 14. d4 c6 15.
Be3 Bc7 16. Qd2 Kh7 17. Rad1 a5 18. Qc1 Qe7 19. Nf5 Qf8 20. g4 Qh8 21. Bb1 d5
22. exd5 Bxd5 23. N3h4 e4 24. Ng2 b5 25. Nf4 a4 26. Nh5 Nxh5 27. gxh5 Ne7 28.
Ng3 f5 29. Bf4 Bxf4 30. Qxf4 Qf8 31. f3 exf3 32. Kf2 Kg8 33. Re5 Be4 34. Bxe4
fxe4 35. Qxf8+ Kxf8 36. Rxe4 Nd5 37. Rd3 Kg8 38. Rxf3 Rxe4 39. Nxe4 Re8 40. Nd6
Re6 41. Nf5 Re4 42. b3 Kh7 43. bxa4 bxa4 44. c4 Nf6 45. c5 Nxh5 46. Ra3 Rf4+
47. Rf3 Re4 48. Ra3 Rf4+ 49. Rf3 Re4 1/2-1/2

[Event "Prestwick Airport Open"]
[Site "Prestwick"]
[Date "2011.05.14"]
[Round "3"]
[White "Frew, Elliot"]
[Black "MacCallum, Iain"]
[Result "1-0"]
[WhiteElo "2148"]
[BlackElo "1565"]
[PlyCount "39"]
[EventDate "2011.05.15"]
[EventRounds "5"]
[EventCountry "SCO"]

1. e4 e5 2. Bc4 Nf6 3. d3 Be7 4. Nc3 d6 5. f4 exf4 6. Bxf4 Bg4 7. Nf3 O-O 8. h3
Bd7 9. O-O Nc6 10. d4 Qc8 11. Kh2 Nh5 12. Be3 Na5 13. Bd3 f5 14. exf5 Bxf5 15.
Nd5 Nc6 16. Bg5 Bxd3 17. Qxd3 Bxg5 18. Nxg5 g6 19. g4 Ng7 20. Nf6+ 1-0

[Event "Prestwick Airport Open"]
[Site "Prestwick"]
[Date "2011.05.14"]
[Round "2"]
[White "Frew, Elliot"]
[Black "Mannion, Stephen R"]
[Result "0-1"]
[WhiteElo "2148"]
[BlackElo "2369"]
[PlyCount "106"]
[EventDate "2011.05.15"]
[EventRounds "5"]
[EventCountry "SCO"]

1. Nf3 Nf6 2. g3 d5 3. Bg2 Bf5 4. O-O e6 5. d3 h6 6. Nbd2 Be7 7. Qe1 O-O 8. e4
Bh7 9. b3 c5 10. Bb2 Nc6 11. Qe2 Rc8 12. a3 b5 13. Rfe1 Re8 14. Bh3 a6 15. exd5
Qxd5 16. Ne4 Nd4 17. Nxd4 cxd4 18. Rad1 Rc7 19. Bg2 Qd7 20. Nxf6+ Bxf6 21. h4
Rec8 22. Rd2 a5 23. Be4 Qd6 24. Bxh7+ Kxh7 25. Qe4+ Kg8 26. Ree2 Rc5 27. Kg2
Rd5 28. f4 h5 29. Qf3 Bd8 30. Re4 Bb6 31. Rde2 g6 32. Re5 Rcc5 33. Rxd5 Rxd5
34. Re4 Bc5 35. Qf2 Bxa3 36. Bxa3 Qxa3 37. Rxd4 Qc5 38. Re4 Qc3 39. Kf3 Rc5 40.
Qd4 Qxd4 41. Rxd4 Rxc2 42. Rd8+ Kg7 43. Rb8 b4 44. Rb5 Rc3 45. Ke3 Rxb3 46.
Rxa5 Rb1 47. Rb5 b3 48. Kf2 b2 49. Kg2 Kf8 50. Rb7 Ke8 51. Kh2 Kd8 52. Kg2 Kc8
53. Rb6 Kc7 0-1

[Event "Prestwick Airport Open"]
[Site "Prestwick"]
[Date "2011.05.14"]
[Round "3"]
[White "Doyle, James"]
[Black "Thomson, Neil"]
[Result "1-0"]
[WhiteElo "1897"]
[BlackElo "1861"]
[PlyCount "85"]
[EventDate "2011.05.15"]
[EventRounds "5"]
[EventCountry "SCO"]

1. d4 Nf6 2. c4 g6 3. Nc3 Bg7 4. e4 O-O 5. e5 Ne8 6. f4 d6 7. Nf3 dxe5 8. fxe5
c5 9. d5 Bg4 10. Bf4 Nd7 11. Qe2 Qc7 12. Nb5 Qa5+ 13. Kf2 a6 14. Nc3 Qc7 15.
Re1 f5 16. Qe3 Bxf3 17. gxf3 g5 18. Bxg5 Bxe5 19. Ne2 Nef6 20. Bh3 Ng4+ 21.
Bxg4 fxg4 22. f4 Rf5 23. Kg2 Bxb2 24. Ng3 Rf7 25. Re2 Bd4 26. Qe6 Nf6 27. Nf5
Kf8 28. Bh6+ Kg8 29. Nxe7+ Qxe7 30. Qxe7 Rxe7 31. Rxe7 b5 32. Bg5 bxc4 33. Bxf6
Bxf6 34. Re6 Bb2 35. Re2 c3 36. Rd1 Rd8 37. d6 Rd7 38. Kg3 Kf7 39. Kxg4 c4 40.
Kf5 Ba3 41. Rc2 Bb4 42. a3 Ba5 43. Rd5 1-0

[Event "Prestwick Airport Open"]
[Site "Prestwick"]
[Date "2011.05.14"]
[Round "3"]
[White "Mannion, Stephen R"]
[Black "Surtees, Mike J"]
[Result "1/2-1/2"]
[WhiteElo "2369"]
[BlackElo "2148"]
[PlyCount "66"]
[EventDate "2011.05.15"]
[EventRounds "5"]
[EventCountry "SCO"]

1. e4 c6 2. d4 d5 3. e5 c5 4. dxc5 e6 5. Be3 Ne7 6. c3 Nd7 7. Bb5 Nc6 8. Nf3
Bxc5 9. Bxc5 Nxc5 10. O-O O-O 11. Nbd2 Qb6 12. a4 Rd8 13. Qe2 Nd7 14. b4 Qc7
15. Rfe1 a5 16. Rac1 Ndb8 17. bxa5 Qe7 18. Nb3 Bd7 19. c4 dxc4 20. Qxc4 Be8 21.
Qc5 Qxc5 22. Nxc5 Nxa5 23. Bxe8 Rxe8 24. Nd4 Na6 25. Ne4 Nb4 26. Red1 Nac6 27.
Nxc6 Nxc6 28. Nd6 Reb8 29. Nxb7 Nxe5 30. Nc5 Rc8 31. f4 Ng6 32. g3 Ra5 33. Nd7
Rca8 1/2-1/2

[Event "Prestwick Airport Open"]
[Site "Prestwick"]
[Date "2011.05.14"]
[Round "2"]
[White "Brown, Steven A"]
[Black "Thomson, Neil"]
[Result "1/2-1/2"]
[WhiteElo "1955"]
[BlackElo "1861"]
[PlyCount "61"]
[EventDate "2011.05.15"]
[EventRounds "5"]
[EventCountry "SCO"]

1. d4 Nf6 2. g3 g6 3. Bg2 Bg7 4. Nf3 O-O 5. O-O d6 6. c4 Nbd7 7. Nc3 e5 8. e4
c6 9. b3 Qb6 10. dxe5 dxe5 11. Qc2 Qc7 12. Rd1 Re8 13. Ba3 Bf8 14. Bb2 Nc5 15.
b4 Ne6 16. Ne2 Nd7 17. a3 a5 18. c5 axb4 19. axb4 Rxa1 20. Rxa1 Bg7 21. Ra7 Nb8
22. Ra1 Nd7 23. Bh3 b6 24. Bxe6 Rxe6 25. Nc1 bxc5 26. bxc5 Qb7 27. Nd3 f6 28.
Nd2 Bf8 29. f4 Qb5 30. fxe5 fxe5 31. Nb3 1/2-1/2

[Event "Prestwick Airport Open"]
[Site "Prestwick"]
[Date "2011.05.15"]
[Round "4"]
[White "Tsang, Sai Kong"]
[Black "Mannion, Stephen R"]
[Result "0-1"]
[WhiteElo "1891"]
[BlackElo "2369"]
[PlyCount "74"]
[EventDate "2011.05.15"]
[EventRounds "5"]
[EventCountry "SCO"]

1. d4 d5 2. Nf3 Nf6 3. g3 Bf5 4. Bg2 e6 5. c4 c6 6. Nc3 Nbd7 7. Bf4 h6 8. O-O
Be7 9. Rc1 O-O 10. Ne5 Rc8 11. Qd2 Nxe5 12. Bxe5 dxc4 13. e4 Bh7 14. Rfd1 Bb4
15. Qe2 b5 16. a4 a6 17. Bxf6 Qxf6 18. e5 Qe7 19. Be4 Bxe4 20. Qxe4 Rfd8 21.
Qg4 Bxc3 22. bxc3 Rd5 23. Rb1 Rcd8 24. Qe2 Qd7 25. Qa2 c5 26. Qb2 cxd4 27. cxd4
Qa7 28. Ra1 Qb6 29. axb5 axb5 30. Rab1 Rxd4 31. Rxd4 Rxd4 32. Qc2 Qc5 33. Ra1
Qd5 34. Qb1 c3 35. Qc2 b4 36. Rb1 Qxe5 37. Qa4 Qe4 0-1

[Event "Prestwick Airport Open"]
[Site "Prestwick"]
[Date "2011.05.15"]
[Round "4"]
[White "Thomson, Neil"]
[Black "Macgilchrist, Siegrun"]
[Result "1-0"]
[WhiteElo "1861"]
[BlackElo "1506"]
[PlyCount "53"]
[EventDate "2011.05.15"]
[EventRounds "5"]
[EventCountry "SCO"]

1. e4 c6 2. d4 d5 3. exd5 cxd5 4. c4 Nf6 5. Nc3 e6 6. Nf3 Nc6 7. cxd5 Nxd5 8.
Bc4 Nxc3 9. bxc3 Bd6 10. O-O O-O 11. Bd3 g6 12. Ng5 f5 13. Bc4 Rf6 14. Re1 Qe8
15. d5 Ne5 16. Bb3 h6 17. dxe6 Qe7 18. Nf7 Rxf7 19. exf7+ Kg7 20. f4 Bc5+ 21.
Kf1 Qh4 22. Qe2 Nd3 23. f8=Q+ Bxf8 24. Qxd3 b6 25. Qc4 Ba6 26. Qxa6 Bc5 27.
Qb7+ 1-0

[Event "Prestwick Airport Open"]
[Site "Prestwick"]
[Date "2011.05.15"]
[Round "4"]
[White "Surtees, Mike J"]
[Black "Frew, Elliot"]
[Result "0-1"]
[WhiteElo "2148"]
[BlackElo "2148"]
[PlyCount "86"]
[EventDate "2011.05.15"]
[EventRounds "5"]
[EventCountry "SCO"]

1. e4 c5 2. c3 d5 3. f3 e6 4. Nh3 Nc6 5. d3 Nf6 6. g3 Be7 7. Bg2 dxe4 8. fxe4
e5 9. Nf2 Be6 10. Be3 Qd7 11. h3 O-O 12. Nd2 Rfd8 13. O-O Rac8 14. Nf3 Ne8 15.
g4 Qc7 16. Qe2 b5 17. Rfc1 Qb8 18. g5 a5 19. Rd1 b4 20. Ng4 Bxg4 21. hxg4 Qb5
22. Bf1 Rb8 23. Rd2 Qb7 24. Qh2 f6 25. Qh3 fxg5 26. Nxg5 Bxg5 27. Bxg5 Rd6 28.
Rf2 Rg6 29. Qh5 Nf6 30. Bxf6 gxf6 31. Be2 Qe7 32. Bd1 bxc3 33. bxc3 Qd7 34.
Bb3+ Kg7 35. Rg2 Qxd3 36. Rd1 Qe3+ 37. Kf1 Rb7 38. Qf5 Rh6 39. Rg1 Rh2 40. Rd7+
Ne7 41. Rxe7+ Rxe7 42. Bd1 Qd3+ 43. Ke1 Qd2+ 0-1

[Event "Prestwick Airport Open"]
[Site "Prestwick"]
[Date "2011.05.15"]
[Round "4"]
[White "Spencer, Edwin A"]
[Black "Marks, Ian A"]
[Result "1-0"]
[WhiteElo "2214"]
[BlackElo "1887"]
[PlyCount "45"]
[EventDate "2011.05.15"]
[EventRounds "5"]
[EventCountry "SCO"]

1. e4 c5 2. Nc3 Nc6 3. f4 g6 4. Nf3 Bg7 5. Bb5 Nd4 6. O-O a6 7. Bd3 d6 8. h3 b5
9. Nxd4 cxd4 10. Ne2 e6 11. c3 dxc3 12. dxc3 Qb6+ 13. Kh1 Nf6 14. Qe1 Bb7 15.
Nd4 e5 16. Nb3 exf4 17. e5 Nh5 18. exd6+ Kf8 19. Qe7+ Kg8 20. Bxf4 Qc6 21. Qe2
Re8 22. Na5 Qd5 23. Qxe8+ 1-0

[Event "Prestwick Airport Open"]
[Site "Prestwick"]
[Date "2011.05.15"]
[Round "4"]
[White "Sanger, Mark A"]
[Black "Malkin, Kenneth"]
[Result "0-1"]
[WhiteElo "2068"]
[BlackElo "1811"]
[PlyCount "72"]
[EventDate "2011.05.15"]
[EventRounds "5"]
[EventCountry "SCO"]

1. e4 e5 2. Nc3 Nc6 3. f4 exf4 4. Nf3 d6 5. d4 g5 6. Bc4 Bg7 7. h3 h6 8. a3 Nf6
9. Qd3 Qe7 10. Bd2 Bd7 11. O-O-O O-O-O 12. Rhe1 Rhe8 13. Nd5 Qf8 14. Bb4 Nxb4
15. Nxb4 c6 16. Ba6 c5 17. dxc5 dxc5 18. Nd5 Bc6 19. Bc4 Kb8 20. Nd2 Nd7 21.
Qb3 Ne5 22. Bf1 Rd6 23. Nc4 Nxc4 24. Bxc4 Bxd5 25. exd5 Rb6 26. Qa4 Bxb2+ 27.
Kd2 Re3 28. Rxe3 fxe3+ 29. Kxe3 Qe7+ 30. Kd2 Bd4 31. Re1 Bc3+ 32. Kxc3 Qxe1+
33. Kd3 Qd1+ 34. Ke3 Qd4+ 35. Ke2 Qe5+ 36. Kd2 Rf6 0-1

[Event "Prestwick Airport Open"]
[Site "Prestwick"]
[Date "2011.05.15"]
[Round "4"]
[White "Roy, Ali"]
[Black "Grant, Alan G"]
[Result "0-1"]
[WhiteElo "1806"]
[BlackElo "2185"]
[PlyCount "104"]
[EventDate "2011.05.15"]
[EventRounds "5"]
[EventCountry "SCO"]

1. Nf3 Nf6 2. c4 g6 3. b3 Bg7 4. Bb2 O-O 5. e3 d6 6. d4 Nbd7 7. Be2 Re8 8. O-O
e5 9. dxe5 Ng4 10. Nbd2 Ndxe5 11. Nxe5 Nxe5 12. Qc1 Bd7 13. Nf3 Bc6 14. Nxe5
dxe5 15. Qc2 Qg5 16. e4 f5 17. Bf3 Qf4 18. Rfe1 Rad8 19. Bc1 Qh4 20. g3 Qf6 21.
Bb2 f4 22. Qe2 Bf8 23. Red1 Bc5 24. Rxd8 Rxd8 25. Rd1 Rxd1+ 26. Qxd1 g5 27. g4
a5 28. Bc3 b6 29. a4 Kf8 30. Qd3 Ke7 31. Kg2 Bd7 32. h3 c6 33. Qd2 Be8 34. Qd3
Bg6 35. Qd1 Bd4 36. Be1 Qd6 37. Qd2 Qa3 38. Qd3 Qc5 39. Bd1 Qd6 40. f3 Bc5 41.
Qxd6+ Kxd6 42. Kf1 Be8 43. Ke2 Bb4 44. Bf2 b5 45. cxb5 cxb5 46. Kd3 Bc5 47. Be1
b4 48. Be2 Bd4 49. Bd1 Bc6 50. Be2 Kc5 51. Bd1 Bb7 52. Kc2 Ba6 0-1

[Event "Prestwick Airport Open"]
[Site "Prestwick"]
[Date "2011.05.15"]
[Round "5"]
[White "Robinson, Stephen"]
[Black "Thomson, Neil"]
[Result "0-1"]
[WhiteElo "1683"]
[BlackElo "1861"]
[PlyCount "74"]
[EventDate "2011.05.15"]
[EventRounds "5"]
[EventCountry "SCO"]

1. b4 e5 2. Bb2 Bxb4 3. Bxe5 Nf6 4. c4 O-O 5. Nf3 Nc6 6. Bb2 d5 7. a3 Ba5 8. e3
Bg4 9. h3 Bh5 10. Be2 Re8 11. cxd5 Nxd5 12. O-O Kh8 13. Nd4 Bxe2 14. Qxe2 Qf6
15. Qb5 Nf4 16. Nf5 Ne2+ 17. Kh1 Ne5 18. Ng3 Nxg3+ 19. fxg3 Qb6 20. Qxb6 Bxb6
21. Bxe5 Rxe5 22. Rxf7 Rd8 23. Nc3 Kg8 24. Raf1 h6 25. R7f2 Rd3 26. Re2 Bxe3
27. Rxe3 Rexe3 28. dxe3 Rxc3 29. Rf3 Rxa3 30. g4 b5 31. Kh2 b4 32. Kg3 b3 33.
Rf2 Ra2 34. Rf1 a5 35. e4 b2 36. Rb1 a4 37. e5 a3 0-1

[Event "Prestwick Airport Open"]
[Site "Prestwick"]
[Date "2011.05.15"]
[Round "4"]
[White "Robinson, Stephen"]
[Black "Doyle, James"]
[Result "0-1"]
[WhiteElo "1683"]
[BlackElo "1897"]
[PlyCount "97"]
[EventDate "2011.05.15"]
[EventRounds "5"]
[EventCountry "SCO"]

1. b4 Nf6 2. Bb2 d5 3. e3 Bf5 4. f4 e6 5. a3 c6 6. Nf3 Nbd7 7. Be2 c5 8. b5 c4
9. O-O Qb6 10. Nd4 h5 11. a4 Qd8 12. Nf3 Ne4 13. Nc3 Ndc5 14. Nxe4 Nxe4 15. Nd4
Rc8 16. Nxf5 exf5 17. Bd4 Ra8 18. d3 cxd3 19. cxd3 Nf6 20. Rc1 Bd6 21. Bf3 O-O
22. Bxh5 Qe7 23. Bf3 Ba3 24. Rb1 Bc5 25. Bxc5 Qxc5 26. Qd2 Rfe8 27. Rfe1 Rad8
28. Rbc1 Qd6 29. h3 Re7 30. g4 Qe6 31. g5 Nd7 32. Qa2 Qb6 33. d4 Nf8 34. Bxd5
Ng6 35. Qc4 Rde8 36. Kf2 Qa5 37. Rc3 Qb6 38. Kg3 Qd6 39. Bxf7+ Rxf7 40. Rf1 Kf8
41. h4 Ne7 42. Qc5 Qg6 43. d5 Rc8 44. Qd4 Rd8 45. Qb4 Kg8 46. Rd1 Qh5 47. d6
Qg4+ 48. Kf2 Qxd1 49. Qc4 0-1